Central Library OPAC University of Rajshahi

A geography of Italy / (Record no. 21724)

MARC details
000 -LEADER
fixed length control field 00678cam a2200241u 4500
001 - CONTROL NUMBER
control field 21724
003 - CONTROL NUMBER IDENTIFIER
rucl marc code BD-RjUL
005 - DATE AND TIME OF LATEST TRANSACTION
control field 20211209000724.0
008 - FIXED-LENGTH DATA ELEMENTS--GENERAL INFORMATION
fixed length control field 140305s1967 enkabf 001 0 eng
035 ## - SYSTEM CONTROL NUMBER
System control number (BD-RjUL)21789
040 ## - CATALOGING SOURCE
Original cataloging agency DLC
Transcribing agency CarP
Modifying agency DLC
-- BD-RjUL
Language of cataloging eng
041 ## - LANGUAGE CODE
Language code of text/sound track or separate title eng
082 00 - DEWEY DECIMAL CLASSIFICATION NUMBER
Classification number 914.5
Author mark and year WAG 1967
100 1# - MAIN ENTRY--PERSONAL NAME
Personal name Walker, Donald Smith.
9 (RLIN) 67080
245 12 - TITLE STATEMENT
Title A geography of Italy /
Statement of responsibility, etc. Donald Smith Walker.
250 ## - EDITION STATEMENT
Edition statement 2nd ed.
260 ## - PUBLICATION, DISTRIBUTION, ETC. (IMPRINT)
Place of publication, distribution, etc. London :
Name of publisher, distributor, etc. Methuen,
Date of publication, distribution, etc. 1967.
300 ## - PHYSICAL DESCRIPTION
Pagination xi, 296 p. :
Illustrations 24 plates, maps, tables ;
Size 25 cm.
651 #0 - SUBJECT ADDED ENTRY--GEOGRAPHIC NAME
Geographic name Italy
General subdivision Description and travel.
9 (RLIN) 67081
942 ## - ADDED ENTRY ELEMENTS (KOHA)
Source of classification or shelving scheme Dewey Decimal Classification
Koha item type Books
Holdings
Lost status Source of classification or shelving scheme Damaged status Not for loan Collection code Permanent Location Current Location Shelving location Date acquired Source of acquisition Total Checkouts Full call number Date last seen Copy number Koha item type
  Dewey Decimal Classification     Non-fiction Central Library, University of Rajshahi Central Library, University of Rajshahi   13/09/1973 Britain   914.5 WAG 1967 05/03/2014 C-4 Books
  Dewey Decimal Classification     Non-fiction Central Library, University of Rajshahi Central Library, University of Rajshahi   06/02/1973 Britain   914.5 WAG 1967 17/11/2016 C-2 Books